Патофизиология раневого процесса (Запись № 303430)

Подробности
000 -МАРКЕР
контрольное поле 02017nam0a2200349 4500
001 - ИДЕНТИФИКАТОР ЗАПИСИ
контрольное поле RU\NLR\bibl\57567
005 - ИДЕНТИФИКАТОР ВЕРСИИ
контрольное поле 20260406000406.0
021 ## - НОМЕР ГОСУДАРСТВЕННОЙ РЕГИСТРАЦИИ
Код страны Российская Федерация
Номер 98-46564
Номер Листа государственной регистраци 2239
035 ## - ДРУГИЕ СИСТЕМНЫЕ НОМЕРА
Идентификатор записи (NLR Aleph) 000056127
100 ## - ДАННЫЕ ОБЩЕЙ ОБРАБОТКИ
Данные общей обработки 19991109d1998 |||y0rusy50 ca
101 0# - ЯЗЫК РЕСУРСА
Язык текста, звукозаписи и т.д. русский
102 ## - СТРАНА ПУБЛИКАЦИИ ИЛИ ПРОИЗВОДСТВА
Страна публикации Российская Федерация
105 ## - ПОЛЕ КОДИРОВАННЫХ ДАННЫХ: ТЕКСТОВЫЕ МАТЕРИАЛЫ, МОНОГРАФИЧЕСКИЕ
Кодированные данные о монографическом текстовом документе a |||||||||
200 1# - ЗАГЛАВИЕ И СВЕДЕНИЯ ОБ ОТВЕТСТВЕННОСТИ
Основное заглавие Патофизиология раневого процесса
Сведения, относящиеся к заглавию Учеб. пособие
-- [Для студентов 6 курса, интернов, клин. ординаторов]
Первые сведения об ответственности Н.В. Леонтьева, Т.Д. Власов, В.В. Васильев и др.
Последующие сведения об ответственности Под ред. проф. Н.Н. Петрищева, проф. Л.В. Поташова
-- М-во здравоохранения Рос. Федерации, С.-Петерб. гос. мед. ун-т им. акад. И.П. Павлова. Каф. патофизиологии с курсом клин. патофизиологии. Каф. общ. хирургии
210 ## - ПУБЛИКАЦИЯ, РАСПРОСТРАНЕНИЕ И ДР.
Место издания, распространения и т.д. СПб.
Имя издателя, распространителя и т. д. Изд-во СПбГМУ
Дата издания, распространения и т.д. 1998
215 ## - ФИЗИЧЕСКАЯ ХАРАКТЕРИСТИКА
Специфическое обозначение материала и объем 42 с.
Другие сведения о физической характеристике ил.
Размеры 20
320 ## - ПРИМЕЧАНИЯ О НАЛИЧИИ В ДОКУМЕНТЕ БИБЛИОГРАФИИ / УКАЗАТЕЛЯ
Текст примечания Библиогр.: с. 42 (6 назв.)
606 0# - НАИМЕНОВАНИЕ ТЕМЫ КАК ПРЕДМЕТ
Наименование темы Раны
Формальный подзаголовок Руководства, пособия и т.п.
Тематический подзаголовок Патологическая физиология
Системный номер авторитетной/нормативной записи 2125258
Идентификатор авторитетной/нормативной записи RU\NLR\auth\661282871
606 0# - НАИМЕНОВАНИЕ ТЕМЫ КАК ПРЕДМЕТ
Наименование темы Раны
Формальный подзаголовок Учебные издания
Тематический подзаголовок Патологическая физиология
Системный номер авторитетной/нормативной записи 2125258
Идентификатор авторитетной/нормативной записи RU\NLR\auth\661282871
686 ## - ИНДЕКСЫ ДРУГИХ КЛАССИФИКАЦИЙ
Индекс Р458.141я7
701 #1 - ИМЯ ЛИЦА - АЛЬТЕРНАТИВНАЯ ОТВЕТСТВЕННОСТЬ
Код отношения Автор
Графика поля Кириллица
Материалы, к которым относится поле rus
Начальный элемент ввода Леонтьева
Часть имени, кроме начального элемента ввода Н. В.
Дополнения к именам, кроме дат д-р мед. наук
Расширение инициалов личного имени Наталия Владимировна
Системный номер авторитетной/нормативной записи 191697
Идентификатор авторитетной/нормативной записи RU\NLR\AUTH\770191748
701 #1 - ИМЯ ЛИЦА - АЛЬТЕРНАТИВНАЯ ОТВЕТСТВЕННОСТЬ
Код отношения Автор
Материалы, к которым относится поле rus
Графика поля Кириллица
Начальный элемент ввода Власов
Часть имени, кроме начального элемента ввода Т. Д.
Дополнения к именам, кроме дат д-р мед. наук
Расширение инициалов личного имени Тимур Дмитриевич
Идентификатор авторитетной/нормативной записи RU\NLR\auth\77109956
Системный номер авторитетной/нормативной записи 92881
701 #1 - ИМЯ ЛИЦА - АЛЬТЕРНАТИВНАЯ ОТВЕТСТВЕННОСТЬ
Начальный элемент ввода Васильев
Часть имени, кроме начального элемента ввода В. В.
Код отношения Автор
702 #1 - ИМЯ ЛИЦА - ВТОРИЧНАЯ ОТВЕТСТВЕННОСТЬ
Начальный элемент ввода Петрищев
Часть имени, кроме начального элемента ввода Н. Н.
Код отношения Редактор
801 #0 - ИСТОЧНИК ЗАПИСИ
Страна Российская Федерация
Организация NLR
Дата составления 19991109
Правила каталогизации PSBO
801 #1 - ИСТОЧНИК ЗАПИСИ
Страна Российская Федерация
Организация NLR
Дата составления 19991109
852 ## - МЕСТОНАХОЖДЕНИЕ И ШИФР ХРАНЕНИЯ
Идентификатор организации NLR
Шифр хранения (Call Number) 99-4/7523
942 ## - ДОПОЛНИТЕЛЬНЫЕ ЭЛЕМЕНТЫ ЗАПИСИ (АБИС)
Тип экземпляра АБИС Книга
980 ## - КОЛЛЕКЦИЯ
Название коллекции Национальная библиография
Экземпляры
Тип экземпляра Дата поступления Библиотека постоянного хранения Библиотека текущего хранения Место хранения Шифр хранения Штрих-код Статус экземпляра
Книга 26.10.2013 РНБ (Московский) РНБ (Московский) Русский книжный фонд: издания с 1957 года 99-4/7523 1-920973